00876nam a2200181 4500040000900000082001600009100005100025245015000076260003300226300001100259505016200270650002300432651002400455700005400479942001200533999001900545952013000564 cNUST a621.382,NAW aNawaz, Muhammad Daial (BEE-58/ TCC-33)9131737 aAdvanced Network Monitoring and Intrusion Detection System (IDS) /cMuhammad Danial Nawaz, Muhammad Nadeem and Muhammad Muzamil (BEE-58 / TCC-330 aRawalpindibMCS (NUST)c2025 a72 p.; aIntroduction (Page-12), Literature Review (Page-19), Methodology (Page-25), Implementation (Page-33), Results and Discussion (Page-62), References (Page-68). aUG Project9131132 aBEE-/ TC-339131738 aSupervised by Assoc Prof. Mir Yasir Umair9131739 2ddccPR c615324d615324 00102ddc4070aMCSbMCScREFd2025-11-07l0o621.382,NAWpMCSPTE-347r2025-11-07w2025-11-07yPRzAlmirah No.70, Shelf No.5